书目信息 |
| 题名: |
微体古生物学及其应用
|
|
| 作者: | 赵秀丽 , 李守军 编 | |
| 分册: | ||
| 出版信息: | 北京 科学出版社 2017.3 |
|
| 页数: | 177页 | |
| 开本: | 24cm | |
| 丛书名: | ||
| 单 册: | ||
| 中图分类: | Q913 | |
| 科图分类: | ||
| 主题词: | 微体古生物学 | |
| 电子资源: | ||
| ISBN: | 978-7-03-052416-4 | |
| 000 | 00823nam0 2200253 450 | |
| 001 | 0400001143 | |
| 005 | 20171014160854.0 | |
| 010 | @a978-7-03-052416-4@dCNY98.00 | |
| 100 | @a20170619d2017 em y0chiy50 ea | |
| 101 | 0 | @achi |
| 102 | @aCN@b110000 | |
| 105 | @aa z 000yy | |
| 106 | @ar | |
| 200 | 1 | @a微体古生物学及其应用@9wei ti gu sheng wu xue ji qi ying yong@f赵秀丽,李守军编 |
| 210 | @a北京@c科学出版社@d2017.3 | |
| 215 | @a177页@c图@d24cm | |
| 320 | @a有书目(第171-177页) | |
| 330 | @a本书共七章,介绍主要微体古生物门类有孔虫、介形虫、牙形石、硅藻、孢粉、沟鞭藻及疑源类,系统阐述了每个门类的基本形态构造等。 | |
| 606 | 0 | @a微体古生物学 |
| 690 | @aQ913@v5 | |
| 701 | 0 | @a赵秀丽@9zhao xiu li@4编 |
| 701 | 0 | @a李守军@9li shou jun@4编 |
| 801 | 0 | @aCN@b91MARC@c20171014 |
| 905 | @b1020106-10@dQ913@f5@e27 | |
| 微体古生物学及其应用/赵秀丽,李守军编.-北京:科学出版社,2017.3 |
| 177页:图;24cm |
| ISBN 978-7-03-052416-4:CNY98.00 |
| 本书共七章,介绍主要微体古生物门类有孔虫、介形虫、牙形石、硅藻、孢粉、沟鞭藻及疑源类,系统阐述了每个门类的基本形态构造等。 |
| ● |
| 相关链接 |
|
|
|
|
正题名:微体古生物学及其应用
索取号:Q913/27
 
预约/预借
| 序号 | 登录号 | 条形码 | 馆藏地/架位号 | 状态 | 备注 |
| 1 | 1020106 | 210201066 | 第二样本阅览室/ [索取号:Q913/27] | 在馆 | |
| 2 | 1020107 | 210201075 | 密集书库-生命科学系/ [索取号:Q913/27] | 在馆 | |
| 3 | 1020108 | 210201084 | 第三借阅区/ [索取号:Q913/27] | 在馆 | |
| 4 | 1020109 | 210201093 | 第三借阅区/ [索取号:Q913/27] | 在馆 | |
| 5 | 1020110 | 210201100 | 第三借阅区/ [索取号:Q913/27] | 在馆 |